000 00534cam a2200145 4500500
005 20260208002335.0
041 _afre
042 _adc
100 1 0 _aHavard, Gilles
_eauthor
245 0 0 _aPeter Nabokov, A Forest of Time. American Indian Ways of History, Cambridge, Cambridge University Press, 2002, x + 246 p., index
260 _c2005.
500 _a45
786 0 _nL'Homme | 173 | 1 | 2005-01-01 | p. 199k-283k | 0439-4216
856 4 1 _uhttps://shs.cairn.info/revue-l-homme-2005-1-page-199k?lang=fr&redirect-ssocas=7080
999 _c1645923
_d1645923